Michael Jackson's No. 1 Hits - Statistics

General Stats
  • This quiz has been taken 360 times
  • The average score is 11 of 17
Answer Stats
Year Artist(s) Answer % Correct
1987 Michael Jackson Bad
90%
1970 Jackson 5 ABC
86%
1983 Michael Jackson Beat It
86%
1983 Michael Jackson Billie Jean
86%
1991 Michael Jackson Black Or White
68%
1988 Michael Jackson Man In The Mirror
68%
1972 Michael Jackson Ben
64%
1969 Jackson 5 I Want You Back
63%
1980 Michael Jackson Rock With You
63%
1983 Paul McCartney and Michael Jackson Say Say Say
62%
1988 Michael Jackson Dirty Diana
57%
1988 Michael Jackson The Way You Make Me Feel
56%
1995 Michael Jackson You Are Not Alone
55%
1987 Michael Jackson and Siedah Garrett I Just Can't Stop Loving You
49%
1979 Michael Jackson Don't Stop 'til You Get Enough
45%
1970 Jackson 5 I'll Be There
45%
1970 Jackson 5 The Love You Save
29%
No matching quizzes found
Score Distribution
Percent of People with Each Score
Percentile by Number Answered
Your Score History
You have not taken this quiz